| 000 | 00992nam a2200265Ia 4500 | ||
|---|---|---|---|
| 003 | OSt | ||
| 005 | 20220923211606.0 | ||
| 006 | a|||||r|||| 00| 0 | ||
| 007 | ta | ||
| 008 | 220922b |||||||| |||| 00| 0 hin d | ||
| 020 |
_a9789388107440 (hbk) _c995 |
||
| 024 | _a353,128 | ||
| 037 |
_b256, 18/12/2019, Eastern Book Linkers _cTextual |
||
| 040 |
_aARTS _cARTS _bhin |
||
| 041 |
_2hin _ahin |
||
| 082 | _aQ2:4:g, 152Q9 | ||
| 100 |
_aनाथाणी, दिलीप कुमार, ले. _9160907 |
||
| 245 | 0 | _aधर्मशास्त्रों के आधुनिक संदर्भ | |
| 246 | _aDharmashāstroan ke ādhunik sandarbha | ||
| 260 |
_aनई दिल्ली _b संजय प्रकाशन _c2019 |
||
| 300 |
_a462पृ. _ccm. |
||
| 650 | _aधर्म | ||
| 942 |
_hQ2:4:g, 152Q9 _cTEXL _2CC |
||
| 999 |
_c301149 _d301149 |
||